000 00257nam a22001217a 4500
008 171127b xxu||||| |||| 00| 0 eng d
041 _aeng
080 _a7
100 _a44
101 _aART
245 _aJAPAN'S MODERN PRINTS
_cHANGA, S
942 _2udc
_cBK
999 _c38596
_d38596